01147nam a2200325 a 4500001001000000003000900010005001700019007000300036008004100039020001500080040003100095082002900126100002500155245003900180264007200219300004500291336002700336337003300363338002800396490007300424590002900497650002400526650002700550650002900577650002500606910003800631942001200669952012300681999001700804000013175DO-SdBPM20260202093805.0ta091120s2002 dr a r 000 f spa d a9993430447 aDO-SdBPMbspacBPMSU drda 4aRD863.44bT646h 20022221 aToirac, Luis,d1966-13aLa hiedra interior /cLuis Toirac. aSanto Domingo :bBanco Central de la República Dominicana,c2002. a159 páginas :bilustraciones ;c23 cm. atextobtxt2rdacontent asin mediaciónbn2rdamedia avolumenbnc2rdacarrier0 aBanco Central de la República Dominicana ;aArte y Literatura,v54 aInventariado, 2026/BPMSU 7aCuentos dominicanos 7aLiteratura dominicana.z aShort stories, Dominicanz aDominican literature aVMateo Control de calidad. BPMSU 2ddccBK 00102ddc708CDaBPMETbBPMETd2026-02-02l0oBPMSU CD RD863.44 T646h 2002pBPMSU26020002r2026-02-02w2026-02-02yBK c15649d15649